[Event "ROM-ch U18 Girls"]
[Site "Baile Felix"]
[Date "2017.02.04"]
[Round "3"]
[White "Dumitras, Teodora Iarina"]
[Black "Popa, Andrada"]
[Result "1-0"]
[WhiteElo "1630"]
[BlackElo "1518"]
[PlyCount "95"]
[EventDate "2017.02.02"]
[EventType "swiss"]
[EventRounds "9"]
[EventCountry "ROU"]
[SourceTitle "CBM 176 Extra"]
[Source "ChessBase"]
[SourceDate "2017.03.02"]
[SourceVersion "1"]
[SourceVersionDate "2017.03.02"]
[SourceQuality "1"]

1. b3 d5 2. Bb2 e6 3. e3 Nf6 4. Bb5+ Bd7 5. Bxd7+ Nbxd7 6. f4 Bc5 7. Nf3 0-0 8. Qe2 Re8 9. Nc3 c6 10. Nd1 Qe7 11. Nf2 Ba3 12. Bxa3 Qxa3 13. 0-0 Qd6 14. g4 e5 15. g5 Ne4 16. Nxe4 dxe4 17. Nh4 exf4 18. Rxf4 Qe5 19. Raf1 g6 20. Rxf7 Qxg5+ 21. Ng2 Ne5 22. Rxb7 Nf3+ 23. Kh1 Qd5 24. Nf4 Qc5 25. d4 Qc3 26. Qg2 Qd2 27. Qg3 Qxe3 28. Nxg6 Qg5 29. Ne7+ Kh8 30. Qxg5 Nxg5 31. Nxc6 e3 32. Ne5 Rad8 33. h4 Rxd4 34. hxg5 e2 35. Re1 Rd1 36. Nd3 Rd8 37. Kg2 R8xd3 38. Rxe2 R3d2 39. Kf2 Rxe2+ 40. Kxe2 Rd5 41. Rxa7 Rxg5 42. Rf7 h5 43. a4 h4 44. Rf4 Rh5 45. Rf2 h3 46. Rh2 Kg7 47. Kf3 Kf6 48. Kg3 1-0

[Event "ROM-ch U18 Girls"]
[Site "Calimanesti Caciulata"]
[Date "2016.04.23"]
[Round "7"]
[White "Toba, Andreea Valentina"]
[Black "Dumitras, Teodora Iarina"]
[Result "1-0"]
[WhiteElo "1549"]
[BlackElo "1686"]
[PlyCount "65"]
[EventDate "2016.04.18"]
[EventType "swiss"]
[EventRounds "9"]
[EventCountry "ROU"]
[SourceTitle "CBM 172 Extra"]
[Source "ChessBase"]
[SourceDate "2016.06.21"]
[SourceVersion "1"]
[SourceVersionDate "2016.06.21"]
[SourceQuality "1"]

1. e4 e5 2. Nf3 Nc6 3. Bb5 Nge7 4. Nc3 a6 5. Ba4 Ng6 6. d3 Bb4 7. 0-0 0-0 8. a3 Be7 9. Nd5 d6 10. h3 h6 11. c3 f5 12. Bb3 Kh8 13. Nh2 f4 14. Qh5 Kh7 15. Kh1 Bf6 16. g3 Na5 17. Bc2 Bg5 18. h4 Be7 19. gxf4 c6 20. f5 Nxh4 21. Nxe7 Qxe7 22. b4 Nxf5 23. exf5 Bxf5 24. bxa5 Qe6 25. Nf3 Kg8 26. Rg1 Rf6 27. Rb1 Qd7 28. Bb3+ Kf8 29. Nh4 Bxd3 30. Ng6+ Rxg6 31. Rxg6 Bxb1 32. Rxg7 Be4+ 33. Kh2 1-0

[Event "ROM-ch U16 Girls"]
[Site "Calimanesti"]
[Date "2015.04.02"]
[Round "5"]
[White "Toba, Andreea Valentina"]
[Black "Dumitras, Teodora Iarina"]
[Result "0-1"]
[WhiteElo "1548"]
[BlackElo "1619"]
[PlyCount "98"]
[EventDate "2015.03.30"]
[EventType "swiss"]
[EventRounds "9"]
[EventCountry "ROU"]
[SourceTitle "CBM 165 Extra"]
[Source "ChessBase"]
[SourceDate "2015.04.21"]
[SourceVersion "1"]
[SourceVersionDate "2015.04.21"]
[SourceQuality "1"]

1. e4 d5 2. exd5 Qxd5 3. Nc3 Qd8 4. d4 e6 5. a3 Nf6 6. Nf3 h6 7. h3 Bd6 8. Be3 Nbd7 9. Bc4 b6 10. Qe2 Bb7 11. 0-0-0 a6 12. Rhe1 b5 13. Bb3 b4 14. axb4 Bxb4 15. Bd2 Bxc3 16. Bxc3 Bd5 17. Bxd5 Nxd5 18. Qc4 0-0 19. Ne5 N7b6 20. Qd3 Na4 21. Qg3 Ndxc3 22. bxc3 Qd6 23. Rd3 Qa3+ 24. Kd2 Nb2 25. Rf3 Qa4 26. Re4 Nc4+ 27. Kd3 Nxe5+ 28. Rxe5 Qd7 29. Rf6 Kh7 30. Rf4 a5 31. Rg4 f5 32. Rg6 Rf6 33. Rxf6 gxf6 34. Rc5 Ra7 35. Qe3 a4 36. Qc1 a3 37. Qa1 a2 38. c4 c6 39. c3 Qb7 40. Kc2 Qa6 41. d5 cxd5 42. cxd5 exd5 43. Rxd5 Qe2+ 44. Rd2 Qe4+ 45. Kc1 Qe1+ 46. Rd1 Qxf2 47. Rd2 Qe1+ 48. Rd1 Qe3+ 49. Kc2 Qe4+ 0-1

[Event "ROM-ch U16 Girls"]
[Site "Calimanesti"]
[Date "2015.03.30"]
[Round "1"]
[White "Trimbitaru, Cornelia"]
[Black "Dumitras, Teodora Iarina"]
[Result "0-1"]
[WhiteElo "1449"]
[BlackElo "1619"]
[PlyCount "78"]
[EventDate "2015.03.30"]
[EventType "swiss"]
[EventRounds "9"]
[EventCountry "ROU"]
[SourceTitle "CBM 165 Extra"]
[Source "ChessBase"]
[SourceDate "2015.04.21"]
[SourceVersion "1"]
[SourceVersionDate "2015.04.21"]
[SourceQuality "1"]

1. d4 Nf6 2. c4 e6 3. Nf3 d5 4. Bg5 Be7 5. Nc3 h6 6. Bh4 0-0 7. e3 b6 8. Bd3 dxc4 9. Bxc4 Bb7 10. 0-0 Nbd7 11. Bd3 c5 12. Bg3 cxd4 13. Nxd4 Nc5 14. Bc2 Nd5 15. Nxd5 Qxd5 16. Qf3 Qd7 17. Qg4 f5 18. Qh5 Bf6 19. Rfd1 Bxd4 20. Rxd4 Qc6 21. f3 Nd7 22. Bb3 Nf6 23. Qh4 Rad8 24. Rc4 Qe8 25. Rc7 Rd7 26. Rxd7 Qxd7 27. Rd1 Qc8 28. Qc4 Bd5 29. Qxc8 Rxc8 30. Bxd5 Nxd5 31. Bf4 g5 32. Bg3 Nxe3 33. Re1 f4 34. Bf2 Nc2 35. Rxe6 Nb4 36. a3 Nd3 37. h3 Rc1+ 38. Kh2 Nxf2 39. Rxh6 Rh1# 0-1

[Event "ROM-ch U16 Girls"]
[Site "Calimanesti"]
[Date "2014.04.11"]
[Round "7"]
[White "Dumitras, Teodora Iarina"]
[Black "Stanciu, Ioana Georgiana"]
[Result "0-1"]
[WhiteElo "1647"]
[BlackElo "1789"]
[PlyCount "78"]
[EventDate "2014.04.06"]
[EventType "swiss"]
[EventRounds "9"]
[EventCountry "ROU"]
[SourceTitle "CBM 160 Extra"]
[Source "ChessBase"]
[SourceDate "2014.07.01"]
[SourceVersion "1"]
[SourceVersionDate "2014.07.01"]
[SourceQuality "1"]

1. c4 e6 2. Nc3 d5 3. cxd5 exd5 4. d4 Nf6 5. Bg5 Be7 6. Nf3 c6 7. e3 Bf5 8. Bd3 Bxd3 9. Qxd3 0-0 10. Bxf6 Bxf6 11. g4 Nd7 12. h4 g6 13. g5 Bg7 14. h5 Qe7 15. 0-0-0 Qe6 16. Rdg1 b5 17. Ne2 c5 18. hxg6 fxg6 19. Nf4 Qe4 20. Qxb5 cxd4 21. Nd2 Rac8+ 22. Kd1 Qc2+ 23. Ke2 Nb6 24. Rc1 Qf5 25. Rc6 Rxc6 26. Qxc6 Rc8 27. Qe6+ Qxe6 28. Nxe6 dxe3 29. fxe3 Bxb2 30. Rf1 Re8 31. Nf4 d4 32. e4 Bc3 33. Nb1 Rxe4+ 34. Kd3 Re3+ 35. Kc2 Bb4 36. Rd1 Re4 37. Rf1 Bd6 38. Nd3 Nd5 39. Rc1 Rg4 0-1

[Event "ROM-ch U16 Girls"]
[Site "Calimanesti"]
[Date "2014.04.08"]
[Round "3"]
[White "Varga, Adrienn"]
[Black "Dumitras, Teodora Iarina"]
[Result "0-1"]
[WhiteElo "1600"]
[BlackElo "1647"]
[PlyCount "68"]
[EventDate "2014.04.06"]
[EventType "swiss"]
[EventRounds "9"]
[EventCountry "ROU"]
[SourceTitle "CBM 160 Extra"]
[Source "ChessBase"]
[SourceDate "2014.07.01"]
[SourceVersion "1"]
[SourceVersionDate "2014.07.01"]
[SourceQuality "1"]

1. e4 e5 2. Nf3 d6 3. Be2 Nf6 4. Nc3 Be7 5. 0-0 0-0 6. d4 exd4 7. Nxd4 b6 8. f4 Bb7 9. Bd3 Nbd7 10. Nf5 Nc5 11. Qf3 g6 12. Nh6+ Kg7 13. f5 Nxd3 14. cxd3 Ng8 15. Nxg8 Rxg8 16. fxg6 fxg6 17. Qf7+ Kh8 18. Be3 Bf8 19. Rf3 Bg7 20. Rh3 Bc8 21. Rg3 Be5 22. Rf3 Bg4 23. Rf2 Qh4 24. h3 Bxh3 25. gxh3 Qg3+ 26. Kf1 Qxe3 27. Qf3 Qh6 28. Ke2 Raf8 29. Qg2 Bd4 30. Rf3 Rxf3 31. Qxf3 Rf8 32. Qg3 Rf2+ 33. Qxf2 Bxf2 34. Kxf2 Qd2+ 0-1

[Event "ROM-ch U10 Girls"]
[Site "Voineasa"]
[Date "2008.04.15"]
[Round "5"]
[White "Stanciu, Ioana Georgiana"]
[Black "Dumitras, Teodora Iarina"]
[Result "1/2-1/2"]
[WhiteElo "591"]
[BlackElo "599"]
[PlyCount "72"]
[EventDate "2008.04.08"]
[EventType "swiss"]
[EventRounds "9"]
[EventCountry "ROU"]
[SourceTitle "EXT 2013"]
[Source "ChessBase"]
[SourceDate "2012.11.22"]
[SourceVersion "1"]
[SourceVersionDate "2012.11.22"]
[SourceQuality "1"]

1. e4 e5 2. Nf3 Nf6 3. Nxe5 Qe7 4. Nf3 Qxe4+ 5. Qe2 Qxe2+ 6. Bxe2 d5 7. 0-0 Bd6 8. Re1 0-0 9. d4 Be6 10. Nc3 h6 11. Bd2 Nc6 12. Nb5 Rad8 13. Nxd6 cxd6 14. Rad1 Rfe8 15. a3 Bf5 16. Rc1 Be4 17. Bc3 Bxf3 18. Bxf3 Ne4 19. Bxe4 dxe4 20. Rcd1 d5 21. b4 a6 22. Bb2 Rd7 23. Re3 Rde7 24. Rde1 Re6 25. f3 f5 26. f4 h5 27. Kf2 Kf7 28. Ba1 g6 29. Bb2 b5 30. R1e2 R8e7 31. Bc3 Re8 32. Re1 Kf6 33. Kg3 Kf7 34. Kf2 Kf6 35. R1e2 R8e7 36. Bb2 Kf7 1/2-1/2